ELEMENTS OF STATISTICAL INFERENCE /

Сохранить в:
Библиографические подробности
Главный автор: Huntsberger, David V. (autor)
Формат:
Предметы:
Метки: Добавить метку
Нет меток, Требуется 1-ая метка записи!

MARC

LEADER 00000nam^a2200000^a^4500
001 000242654
005 20250521000000.0
009 20260310105306.022
035 |a 062538 
037 |a Acervo Xavier Clavigero 
082 |a 310.  |b HUN 
100 |a Huntsberger, David V.  |e (autor) 
245 1 0 |a ELEMENTS OF STATISTICAL INFERENCE /  |c DAVID V. HUNTSBERGER 
264 |a BOSTON :  |b ALLYN AND BACON,  |c 1961 
300 |a 291 p. 
336 |a texto  |b txt  |2 rdacontenido 
337 |a sin mediación  |b n  |2 rdamedio 
338 |a volumen  |b nc  |2 rdasoporte 
649 |a XX 
650 |a Estadística 
910 |a Fondo General 
920 |a Impresos - Libros 
930 |a Colección General 
905 |a 101 
901 |a 062538  |b IT1  |c ACC  |i 062538  |u 20250521 
902 |a https://opac.biblio.iteso.mx/vufind/Record/000242654